[Event "Czech Open GM 2020"]
[Site "Pardubice"]
[Date "2020.09.25"]
[Round "5.19"]
[White "Rabatin, Jakub"]
[Black "Terziev, Dimo"]
[Result "*"]
[WhiteElo "2291"]
[BlackElo "2157"]
[Annotator "TA"]
[PlyCount "119"]
[EventDate "2020.09.21"]
[EventCountry "CZE"]
[SourceTitle "playchess.com"]
[Source "ChessBase"]
[SourceQuality "1"]

{[%evp 16,119,14,6,27,26,35,30,35,34,40,26,29,3,30,10,56,67,90,78,77,62,70,51,104,105,114,117,110,99,122,105,108,69,91,83,80,74,87,28,43,29,39,37,126,125,140,122,300,285,332,327,390,340,520,500,473,490,564,563,560,561,741,731,774,212,254,140,144,149,133,129,129,136,142,163,147,145,163,160,168,69,77,79,140,145,169,164,160,160,183,132,127,114,139,139,287,294,243,0,0,0,0,0,0,0]} 1. d4 d5 2. Nf3 Nf6 3. c4 dxc4 4. e3 e6 5. Bxc4 a6 6. a4 c5 7. O-O Nc6 8. Qe2 Be7 9. Rd1 Qc7 {D27: Queen's Gambit Accepted: Classical main line: 7 e4!? and 7 a4.} 10. dxc5 {is now more promising than 10.Nc3.} Bxc5 11. b3 O-O {White has an edge.} 12. Bb2 b6 13. Nbd2 Bb7 14. Rac1 Qe7 {[#]} 15. Bxf6 $146 ({Predecessor:} 15. Bd3 Rfd8 16. h3 Nb4 17. Bb1 h6 18. Ne5 a5 {½-½ (18) Kozlov,V (2403)-Liedl,W (2420) ICCF email 2016}) 15... gxf6 16. Ne4 Kg7 17. Nxc5 bxc5 18. Ne1 Rg8 19. Rd2 Kh8 (19... Ne5 $14) 20. Rcd1 $16 {Hoping for Rd7.} Ne5 {Threatening ...Rxg2+!} 21. f4 Nxc4 22. Rd7 ({Don't play} 22. bxc4 $6 Rad8 $11) (22. Qxc4 $6 Bd5 $11) 22... Qf8 {...Na5 is the strong threat.} 23. Rxb7 ({But not} 23. Qxc4 $6 Bd5 $11) 23... Nd6 24. Rd7 Nf5 25. Nf3 Qg7 26. R1d2 Rab8 27. R7d3 ({White should try} 27. Qd3 $16) 27... c4 28. bxc4 Rb1+ 29. Ne1 e5 (29... Qf8 $1 $14) 30. Rd1 Rbb8 31. c5 $36 {[%cal Bc4c5,Bc5c6,Bc6c7][%mdl 2080] Keeping Black busy.} Nh4 $2 (31... exf4 $16 32. exf4 Rbe8) 32. Qf2 $18 e4 {Threatens to win with ...Nxg2.} 33. Rd5 ({Not} 33. Qxh4 exd3 34. Qh3 Rb2 $15) 33... Qh6 34. Kh1 Rb3 (34... Rbc8 $142 35. Qc2 Qg6) 35. Rc1 Ng6 {and the idea ...Ne7 leaves Black hopeful.} 36. c6 Ne7 37. Rd7 Nc8 38. c7 f5 39. Rd8 Qb6 40. Rxg8+ $2 (40. Qh4) 40... Kxg8 41. h3 (41. Qg3+ $18 Kf8 42. Qg5) 41... Qxe3 $16 42. Qxe3 Rxe3 {[%mdl 4096] Endgame KRN-KRN} 43. Kg1 Kg7 44. Kf2 Ra3 45. Rc4 $1 Kf6 46. Nc2 Ra2 47. Ke3 Ke7 {[#]} 48. Nd4 (48. Kd4 $1 $18) 48... Rxg2 $14 49. Nxf5+ Ke6 (49... Kd7 $142) 50. Kxe4 $16 Re2+ 51. Kf3 Rh2 52. Kg3 Ra2 53. Ne3 ({White should play} 53. Nh6 $18) 53... Ra3 54. Kf2 {Black must now prevent Rd4.} Kd7 55. Nd5 Rxh3 (55... a5 $16) 56. a5 $18 {And now Nb6+ would win.} Rb3 {[#]} 57. Rd4 $2 (57. Nb6+ $1 $18 {[%mdl 512]} Rxb6 (57... Nxb6 58. axb6) 58. axb6 Nxb6 59. Rc5) 57... Nd6 $11 {The position is equal.} 58. Nb4 {aiming for Rxd6+!} Kxc7 59. Nxa6+ Kc6 60. Nb4+ {Accuracy: White = 77%, Black = 64%.} *

[Event "Czech Open GM 2020"]
[Site "Pardubice"]
[Date "2020.09.25"]
[Round "5.20"]
[White "Kueppers, Timo"]
[Black "Pacl, Vaclav"]
[Result "1/2-1/2"]
[WhiteElo "2277"]
[BlackElo "2007"]
[Annotator "NA"]
[PlyCount "88"]
[EventDate "2020.09.21"]
[EventCountry "CZE"]
[SourceTitle "playchess.com"]
[Source "ChessBase"]
[SourceQuality "1"]
[TimeControl "40/5400+30:1800+30"]

1. Nf3 {[%emt 0:00:00]} d5 {[%emt 0:01:15]} 2. d4 {[%emt 0:01:52]} e6 {[%emt 0:03:00]} 3. c4 {[%emt 0:01:03]} c5 {[%emt 0:00:42]} 4. cxd5 {[%emt 0:00:19]} exd5 {[%emt 0:00:08]} 5. Nc3 {[%emt 0:00:17]} Nc6 {[%emt 0:00:08]} 6. dxc5 {[%emt 0:00:39]} d4 {[%emt 0:00:07]} 7. Na4 {[%emt 0:00:08]} Bxc5 {[%emt 0:00:07]} 8. Nxc5 {[%emt 0:00:05]} Qa5+ {[%emt 0:00:06]} 9. Qd2 {[%emt 0:00:03]} Qxc5 {[%emt 0:00:07]} 10. a3 {[%emt 0:00:04]} a5 {[%emt 0:17:27]} 11. b4 {[%emt 0:02:07]} Qb6 {[%emt 0:10:12]} 12. b5 {[%emt 0:00:10]} Qxb5 {[%emt 0:00:28]} 13. Nxd4 {[%emt 0:15:43]} Nxd4 {[%emt 0:01:02]} 14. Qxd4 {[%emt 0:00:06]} Nf6 {[%emt 0:00:36]} 15. e4 {[%emt 0:03:33]} Qc6 {[%emt 0:00:18]} 16. Qe5+ {[%emt 0:07:08]} Kf8 {[%emt 0:04:47]} 17. Bd3 {[%emt 0:07:08]} Be6 {[%emt 0:00:23]} 18. Be3 {[%emt 0:03:43]} Ng4 {[%emt 0:08:58]} 19. Qc5+ {[%emt 0:01:27]} Qxc5 {[%emt 0:00:14]} 20. Bxc5+ {[%emt 0:00:05]} Kg8 {[%emt 0:00:06]} 21. O-O {[%emt 0:14:44]} Ne5 {[%emt 0:02:43]} 22. Be2 {[%emt 0:02:57]} a4 {[%emt 0:11:49]} 23. Rab1 {[%emt 0:02:13]} Bb3 {[%emt 0:00:08]} 24. f4 {[%emt 0:00:52]} Nc6 {[%emt 0:00:36]} 25. e5 {[%emt 0:05:23]} h6 {[%emt 0:04:26]} 26. Bd3 {[%emt 0:00:48]} g6 {[%emt 0:01:56]} 27. e6 {[%emt 0:00:47]} fxe6 {[%emt 0:11:19]} 28. Bxg6 {[%emt 0:00:12]} Kg7 {[%emt 0:00:13]} 29. Be4 {[%emt 0:02:05]} Rhd8 {[%emt 0:03:22]} 30. Rf3 {[%emt 0:03:03]} Kf7 {[%emt 0:03:30]} 31. Rh3 {[%emt 0:01:15]} Kg7 {[%emt 0:01:04]} 32. Rg3+ {[%emt 0:02:16]} Kf7 {[%emt 0:00:03]} 33. f5 {[%emt 0:03:33]} e5 {[%emt 0:01:31]} 34. Rg6 {[%emt 0:00:56]} Nd4 {[%emt 0:03:26]} 35. Rxh6 {[%emt 0:03:20]} Ne2+ {[%emt 0:00:09]} 36. Kf2 {[%emt 0:06:23]} Nc3 {[%emt 0:00:50]} 37. Re1 {[%emt 0:00:21]} Rd2+ {[%emt 0:00:27]} 38. Ke3 {[%emt 0:01:13]} Nxe4 {[%emt 0:00:20]} 39. Kxe4 {[%emt 0:00:05]} Rxg2 {[%emt 0:02:09]} 40. Rh7+ {[%emt 0:03:58]} Rg7 {[%emt 0:03:08]} 41. Rxg7+ {[%emt 0:31:13]} Kxg7 {[%emt 0:30:02]} 42. Rg1+ {[%emt 0:05:08]} Kf7 {[%emt 0:01:24]} 43. Bd6 {[%emt 0:00:56]} Bc2+ {[%emt 0:02:06]} 44. Ke3 {[%emt 0:01:13]} Kf6 {[%emt 0:01:21]} 1/2-1/2

[Event "Czech Open GM 2020"]
[Site "Pardubice"]
[Date "2020.09.26"]
[Round "6.1"]
[White "Van Foreest, Lucas"]
[Black "Noe, Christopher"]
[Result "1-0"]
[WhiteElo "2531"]
[BlackElo "2519"]
[Annotator "ChessBase"]
[PlyCount "67"]
[EventDate "2020.09.21"]
[EventCountry "CZE"]
[SourceTitle "playchess.com"]
[Source "ChessBase"]
[SourceQuality "1"]
[TimeControl "40/5400+30:1800+30"]

1. e4 {[%emt 0:00:11]} c5 {[%emt 0:02:47]} 2. Nf3 {[%emt 0:10:07]} e6 {[%emt 0:00:00]} 3. d4 {[%emt 0:00:04]} cxd4 {[%emt 0:00:00]} 4. Nxd4 {[%emt 0:00:03]} Nc6 {[%emt 0:00:00]} 5. Nc3 {[%emt 0:00:04]} Qc7 {[%emt 0:00:00]} 6. Nxc6 {[%emt 0:00:45]} dxc6 {[%emt 0:00:12]} 7. f4 {[%emt 0:00:48]} e5 {[%emt 0:01:09]} 8. f5 {[%emt 0:00:19]} Nf6 {[%emt 0:04:57]} 9. g4 {[%emt 0:07:04]} h6 {[%emt 0:02:42]} 10. Qf3 {[%emt 0:00:55]} Bc5 {[%emt 0:09:55]} 11. Bd2 {[%emt 0:04:53]} Bd7 {[%emt 0:01:58]} 12. Be2 {[%emt 0:04:28]} O-O-O {[%emt 0:03:37]} 13. O-O-O {[%emt 0:01:14]} Bd4 {[%emt 0:08:15]} 14. Bc4 {[%emt 0:01:27]} Be8 {[%emt 0:06:07]} 15. Ne2 {[%emt 0:01:03]} Bc5 {[%emt 0:18:42]} 16. Ng3 {[%emt 0:02:14]} b5 {[%emt 0:05:56]} 17. Be2 {[%emt 0:03:13]} Nd7 {[%emt 0:03:49]} 18. Nh5 {[%emt 0:02:08]} Bf8 {[%emt 0:02:52]} 19. f6 {[%emt 0:01:52]} g6 {[%emt 0:04:36]} 20. Ng7 {[%emt 0:00:08]} Nc5 {[%emt 0:00:36]} 21. b4 {[%emt 0:17:40]} Na4 {[%emt 0:01:04]} 22. Qb3 {[%emt 0:02:31]} a6 {[%emt 0:10:25]} 23. c4 {[%emt 0:04:20]} c5 {[%emt 0:00:06]} 24. Nxe8 {[%emt 0:00:44]} Rxe8 {[%emt 0:00:05]} 25. cxb5 {[%emt 0:00:28]} cxb4+ {[%emt 0:02:36]} 26. Kb1 {[%emt 0:00:06]} Nc5 {[%emt 0:04:07]} 27. Qxb4 {[%emt 0:06:33]} Kb8 {[%emt 0:00:02]} 28. bxa6+ {[%emt 0:00:36]} Ka8 {[%emt 0:01:03]} 29. Qc4 {[%emt 0:00:53]} Rb8+ {[%emt 0:04:29]} 30. Ka1 {[%emt 0:00:15]} Bd6 {[%emt 0:00:06]} 31. Be3 {[%emt 0:04:33]} Rhc8 {[%emt 0:01:54]} 32. Qd5+ {[%emt 0:01:03]} Qc6 {[%emt 0:00:12]} 33. Qxc6+ {[%emt 0:00:51]} Rxc6 {[%emt 0:00:06]} 34. Bc4 {[%emt 0:00:39]} 1-0

[Event "Czech Open GM 2020"]
[Site "Pardubice"]
[Date "2020.09.26"]
[Round "6.2"]
[White "Kevlishvili, Robby"]
[Black "Golubka, Petro"]
[Result "1/2-1/2"]
[WhiteElo "2478"]
[BlackElo "2488"]
[Annotator "ChessBase"]
[PlyCount "117"]
[EventDate "2020.09.21"]
[EventCountry "CZE"]
[SourceTitle "playchess.com"]
[Source "ChessBase"]
[SourceQuality "1"]
[TimeControl "40/5400+30:1800+30"]

1. e4 {[%emt 0:11:26]} c5 {[%emt 0:00:00]} 2. Nf3 {[%emt 0:00:30]} Nc6 {[%emt 0:00:00]} 3. d4 {[%emt 0:00:18]} cxd4 {[%emt 0:00:00]} 4. Nxd4 {[%emt 0:00:00]} Nf6 {[%emt 0:00:00]} 5. Nc3 {[%emt 0:00:00]} e5 {[%emt 0:00:00]} 6. Ndb5 {[%emt 0:00:19]} d6 {[%emt 0:00:01]} 7. Bg5 {[%emt 0:00:40]} a6 {[%emt 0:00:07]} 8. Na3 {[%emt 0:00:04]} b5 {[%emt 0:00:11]} 9. Nd5 {[%emt 0:00:09]} Be7 {[%emt 0:00:06]} 10. Bxf6 {[%emt 0:00:07]} Bxf6 {[%emt 0:00:02]} 11. c3 {[%emt 0:00:45]} O-O {[%emt 0:00:06]} 12. Nc2 {[%emt 0:00:22]} Bg5 {[%emt 0:00:52]} 13. a4 {[%emt 0:00:59]} bxa4 {[%emt 0:00:04]} 14. Rxa4 {[%emt 0:00:08]} a5 {[%emt 0:00:14]} 15. Bc4 {[%emt 0:01:35]} Rb8 {[%emt 0:00:28]} 16. b3 {[%emt 0:02:17]} Kh8 {[%emt 0:02:31]} 17. h4 {[%emt 0:07:49]} Bh6 {[%emt 0:00:30]} 18. Nce3 {[%emt 0:00:21]} Bxe3 {[%emt 0:03:08]} 19. Nxe3 {[%emt 0:00:17]} Ne7 {[%emt 0:00:57]} 20. O-O {[%emt 0:08:07]} f5 {[%emt 0:03:25]} 21. exf5 {[%emt 0:01:53]} Nxf5 {[%emt 0:02:35]} 22. Nxf5 {[%emt 0:00:59]} Bxf5 {[%emt 0:00:34]} 23. Qd5 {[%emt 0:15:30]} Bg6 {[%emt 0:06:44]} 24. g3 {[%emt 0:11:35]} Bf7 {[%emt 0:05:02]} 25. Qxa5 {[%emt 0:00:41]} d5 {[%emt 0:07:15]} 26. Bb5 {[%emt 0:00:40]} Qf6 {[%emt 0:00:03]} 27. c4 {[%emt 0:10:26]} d4 {[%emt 0:01:33]} 28. Qd2 {[%emt 0:01:24]} e4 {[%emt 0:05:45]} 29. Re1 {[%emt 0:03:06]} Bg6 {[%emt 0:08:31]} 30. Ra6 {[%emt 0:01:16]} Qe5 {[%emt 0:05:34]} 31. f4 {[%emt 0:02:14]} Qh5 {[%emt 0:02:22]} 32. Qxd4 {[%emt 0:00:57]} Rbd8 {[%emt 0:00:04]} 33. Qf2 {[%emt 0:01:10]} Rd3 {[%emt 0:00:05]} 34. c5 {[%emt 0:06:39]} Rxb3 {[%emt 0:04:03]} 35. Bf1 {[%emt 0:00:19]} Rc3 {[%emt 0:00:54]} 36. c6 {[%emt 0:02:40]} Qd5 {[%emt 0:01:06]} 37. Rb6 {[%emt 0:04:16]} Rf3 {[%emt 0:04:55]} 38. Rb5 {[%emt 0:03:11]} Qxc6 {[%emt 0:00:25]} 39. Qc5 {[%emt 0:01:07]} Rxg3+ {[%emt 0:01:09]} 40. Kh2 {[%emt 0:00:08]} Qxc5 {[%emt 0:02:44]} 41. Rxc5 {[%emt 0:30:06]} Rf3 {[%emt 0:32:03]} 42. h5 {[%emt 0:03:57]} Bf5 {[%emt 0:02:15]} 43. Re5 {[%emt 0:00:00]} Rxf4 {[%emt 0:00:00]} 44. Be2 {[%emt 0:00:00]} g5 {[%emt 0:00:00]} 45. hxg6 {[%emt 0:00:00]} Bxg6 {[%emt 0:00:00]} 46. Kg3 {[%emt 0:00:00]} Kg7 {[%emt 0:00:00]} 47. Bh5 {[%emt 0:00:00]} R4f5 {[%emt 0:00:00]} 48. Re7+ {[%emt 0:00:00]} Kf6 {[%emt 0:00:00]} 49. Bxg6 {[%emt 0:00:00]} Rg5+ {[%emt 0:00:00]} 50. Kf4 {[%emt 0:00:00]} Kxg6+ {[%emt 0:00:55]} 51. Kxe4 {[%emt 0:00:00]} Rg4+ {[%emt 0:00:04]} 52. Ke3 {[%emt 0:00:00]} Rg3+ {[%emt 0:00:46]} 53. Ke4 {[%emt 0:00:00]} h5 {[%emt 0:00:24]} 54. Rh1 {[%emt 0:00:00]} Rg4+ {[%emt 0:00:21]} 55. Ke3 {[%emt 0:00:00]} Rf6 {[%emt 0:07:19]} 56. Re8 {[%emt 0:00:00]} h4 {[%emt 0:03:30]} 57. Rg8+ {[%emt 0:00:00]} Kh5 {[%emt 0:00:05]} 58. Rh8+ {[%emt 0:00:00]} Rh6 {[%emt 0:00:10]} 59. Rxh6+ {[%emt 0:00:00]} 1/2-1/2

[Event "Czech Open GM 2020"]
[Site "Pardubice"]
[Date "2020.09.26"]
[Round "6.3"]
[White "Jarmula, Lukasz"]
[Black "Stocek, Jiri"]
[Result "1-0"]
[WhiteElo "2444"]
[BlackElo "2595"]
[Annotator "ChessBase"]
[PlyCount "79"]
[EventDate "2020.09.21"]
[EventCountry "CZE"]
[SourceTitle "playchess.com"]
[Source "ChessBase"]
[SourceQuality "1"]
[TimeControl "40/5400+30:1800+30"]

1. d4 {[%emt 0:00:00]} Nf6 {[%emt 0:00:00]} 2. c4 {[%emt 0:00:00]} e6 {[%emt 0:00:09]} 3. Nc3 {[%emt 0:00:00]} Bb4 {[%emt 0:00:13]} 4. Qc2 {[%emt 0:00:00]} O-O {[%emt 0:05:07]} 5. e4 {[%emt 0:00:04]} d6 {[%emt 0:02:34]} 6. e5 {[%emt 0:00:13]} Nfd7 {[%emt 0:00:29]} 7. Nf3 {[%emt 0:00:57]} c5 {[%emt 0:02:13]} 8. exd6 {[%emt 0:00:20]} cxd4 {[%emt 0:02:15]} 9. Nxd4 {[%emt 0:00:24]} Nc6 {[%emt 0:02:04]} 10. Nxc6 {[%emt 0:02:21]} bxc6 {[%emt 0:00:18]} 11. Be3 {[%emt 0:00:12]} Bxd6 {[%emt 0:03:55]} 12. Rd1 {[%emt 0:01:08]} Qc7 {[%emt 0:12:41]} 13. g3 {[%emt 0:01:01]} Ne5 {[%emt 0:10:58]} 14. Be2 {[%emt 0:01:27]} f5 {[%emt 0:04:38]} 15. O-O {[%emt 0:05:32]} Nf7 {[%emt 0:01:10]} 16. f4 {[%emt 0:07:17]} Rb8 {[%emt 0:03:07]} 17. b3 {[%emt 0:04:45]} Re8 {[%emt 0:05:21]} 18. Bf3 {[%emt 0:08:05]} e5 {[%emt 0:02:45]} 19. Bg2 {[%emt 0:02:42]} exf4 {[%emt 0:02:38]} 20. Bxf4 {[%emt 0:00:33]} Bxf4 {[%emt 0:00:26]} 21. gxf4 {[%emt 0:02:44]} Be6 {[%emt 0:03:56]} 22. Qf2 {[%emt 0:04:55]} Rbd8 {[%emt 0:04:40]} 23. Qc5 {[%emt 0:01:54]} Rxd1 {[%emt 0:00:22]} 24. Nxd1 {[%emt 0:00:41]} Nd8 {[%emt 0:08:00]} 25. Nb2 {[%emt 0:07:28]} Re7 {[%emt 0:08:12]} 26. Nd3 {[%emt 0:10:33]} Rd7 {[%emt 0:00:26]} 27. Qe3 {[%emt 0:01:15]} Qd6 {[%emt 0:01:15]} 28. Ne5 {[%emt 0:01:02]} Rc7 {[%emt 0:03:40]} 29. c5 {[%emt 0:01:15]} Qe7 {[%emt 0:00:45]} 30. Rd1 {[%emt 0:03:17]} a5 {[%emt 0:06:27]} 31. Rd6 {[%emt 0:02:18]} Bf7 {[%emt 0:01:31]} 32. Qd2 {[%emt 0:03:38]} Rc8 {[%emt 0:00:26]} 33. Bxc6 {[%emt 0:10:53]} Nxc6 {[%emt 0:01:07]} 34. Nxc6 {[%emt 0:00:08]} Qf8 {[%emt 0:02:28]} 35. Rd8 {[%emt 0:02:06]} Rxd8 {[%emt 0:00:04]} 36. Qxd8 {[%emt 0:00:07]} Be8 {[%emt 0:00:07]} 37. Nd4 {[%emt 0:00:23]} Kf7 {[%emt 0:00:44]} 38. Qd5+ {[%emt 0:00:54]} Kg6 {[%emt 0:00:05]} 39. c6 {[%emt 0:01:00]} Qf6 {[%emt 0:01:32]} 40. c7 {[%emt 0:00:44]} 1-0

[Event "Czech Open GM 2020"]
[Site "Pardubice"]
[Date "2020.09.26"]
[Round "6.4"]
[White "Zwardon, Vojtech"]
[Black "Plat, Vojtech"]
[Result "1/2-1/2"]
[WhiteElo "2455"]
[BlackElo "2566"]
[Annotator "ChessBase"]
[PlyCount "159"]
[EventDate "2020.09.21"]
[EventCountry "CZE"]
[SourceTitle "playchess.com"]
[Source "ChessBase"]
[SourceQuality "1"]
[TimeControl "40/5400+30:1800+30"]

1. c4 {[%emt 0:00:00]} e5 {[%emt 0:00:00]} 2. g3 {[%emt 0:00:00]} Nf6 {[%emt 0:00:00]} 3. Bg2 {[%emt 0:00:00]} Be7 {[%emt 0:00:14]} 4. Nc3 {[%emt 0:00:00]} O-O {[%emt 0:00:13]} 5. Nf3 {[%emt 0:00:00]} d6 {[%emt 0:00:06]} 6. O-O {[%emt 0:00:00]} c6 {[%emt 0:00:12]} 7. Qc2 {[%emt 0:00:00]} a5 {[%emt 0:00:05]} 8. Rd1 {[%emt 0:00:33]} Nbd7 {[%emt 0:00:16]} 9. b3 {[%emt 0:00:33]} Re8 {[%emt 0:00:06]} 10. d4 {[%emt 0:00:03]} Qc7 {[%emt 0:01:07]} 11. Bb2 {[%emt 0:00:40]} Bf8 {[%emt 0:02:10]} 12. Na4 {[%emt 0:00:17]} b6 {[%emt 0:05:47]} 13. Rac1 {[%emt 0:06:38]} Bb7 {[%emt 0:01:27]} 14. c5 {[%emt 0:00:51]} bxc5 {[%emt 0:00:32]} 15. dxe5 {[%emt 0:00:07]} dxe5 {[%emt 0:00:03]} 16. Nd2 {[%emt 0:03:50]} Ba6 {[%emt 0:01:03]} 17. Ne4 {[%emt 0:00:05]} c4 {[%emt 0:03:24]} 18. bxc4 {[%emt 0:02:02]} Rab8 {[%emt 0:02:05]} 19. c5 {[%emt 0:05:44]} Nxe4 {[%emt 0:02:26]} 20. Qxe4 {[%emt 0:07:48]} Bb5 {[%emt 0:00:16]} 21. Ba3 {[%emt 0:08:40]} Nf6 {[%emt 0:02:30]} 22. Qc2 {[%emt 0:00:18]} e4 {[%emt 0:00:26]} 23. Nb6 {[%emt 0:04:22]} Re5 {[%emt 0:08:43]} 24. Rd4 {[%emt 0:06:05]} Qe7 {[%emt 0:01:42]} 25. Nc4 {[%emt 0:00:39]} Bxc4 {[%emt 0:01:42]} 26. Rxc4 {[%emt 0:02:53]} Rb5 {[%emt 0:01:22]} 27. Bb2 {[%emt 0:00:36]} Rexc5 {[%emt 0:00:39]} 28. Rxc5 {[%emt 0:01:31]} Rxc5 {[%emt 0:00:03]} 29. Qxc5 {[%emt 0:00:04]} Qxc5 {[%emt 0:00:01]} 30. Rxc5 {[%emt 0:00:08]} Bxc5 {[%emt 0:00:04]} 31. Bxf6 {[%emt 0:00:07]} gxf6 {[%emt 0:00:00]} 32. Bxe4 {[%emt 0:00:05]} Kg7 {[%emt 0:00:07]} 33. Bxc6 {[%emt 0:00:06]} h6 {[%emt 0:00:22]} 34. Bd7 {[%emt 0:01:38]} Bb4 {[%emt 0:00:06]} 35. Kg2 {[%emt 0:01:52]} Be1 {[%emt 0:00:14]} 36. Kf3 {[%emt 0:00:08]} Bb4 {[%emt 0:00:04]} 37. Ke4 {[%emt 0:00:15]} Be1 {[%emt 0:00:07]} 38. f3 {[%emt 0:00:06]} Bb4 {[%emt 0:00:04]} 39. Kd5 {[%emt 0:00:34]} Kf8 {[%emt 0:00:26]} 40. Ba4 {[%emt 0:00:12]} Be1 {[%emt 0:00:33]} 41. Ke4 {[%emt 0:30:08]} Bb4 {[%emt 0:30:11]} 42. Kf5 {[%emt 0:00:03]} Kg7 {[%emt 0:00:04]} 43. Bb3 {[%emt 0:00:02]} Be1 {[%emt 0:00:27]} 44. Kg4 {[%emt 0:00:12]} Bf2 {[%emt 0:00:24]} 45. f4 {[%emt 0:00:03]} Bg1 {[%emt 0:00:15]} 46. Kf3 {[%emt 0:00:07]} Bc5 {[%emt 0:00:04]} 47. Bc4 {[%emt 0:00:17]} Bb6 {[%emt 0:00:49]} 48. e4 {[%emt 0:01:37]} Bg1 {[%emt 0:00:12]} 49. Bb3 {[%emt 0:00:05]} Bc5 {[%emt 0:00:06]} 50. Kg4 {[%emt 0:00:36]} Bg1 {[%emt 0:00:15]} 51. h3 {[%emt 0:00:07]} Bd4 {[%emt 0:00:40]} 52. Kf5 {[%emt 0:01:00]} Bc3 {[%emt 0:00:09]} 53. g4 {[%emt 0:00:19]} Bd2 {[%emt 0:00:13]} 54. h4 {[%emt 0:00:06]} Be1 {[%emt 0:00:24]} 55. g5 {[%emt 0:00:17]} fxg5 {[%emt 0:00:30]} 56. hxg5 {[%emt 0:00:30]} hxg5 {[%emt 0:00:30]} 57. fxg5 {[%emt 0:00:30]} Bb4 {[%emt 0:00:55]} 58. Bd1 {[%emt 0:00:00]} Be7 {[%emt 0:00:07]} 59. Bh5 {[%emt 0:00:00]} Bb4 {[%emt 0:00:23]} 60. e5 {[%emt 0:00:35]} Bc3 {[%emt 0:00:26]} 61. Ke4 {[%emt 0:01:00]} Bd2 {[%emt 0:00:16]} 62. Kf5 {[%emt 0:00:29]} Bc3 {[%emt 0:00:04]} 63. Bd1 {[%emt 0:00:23]} Bd2 {[%emt 0:00:05]} 64. Bc2 {[%emt 0:00:03]} Bc3 {[%emt 0:00:10]} 65. a4 {[%emt 0:00:46]} Bd2 {[%emt 0:00:05]} 66. Bb3 {[%emt 0:00:33]} Bc3 {[%emt 0:00:04]} 67. Bd1 {[%emt 0:00:33]} Bd2 {[%emt 0:00:11]} 68. Bh5 {[%emt 0:00:03]} Bc3 {[%emt 0:00:03]} 69. g6 {[%emt 0:00:03]} fxg6+ {[%emt 0:00:03]} 70. Bxg6 {[%emt 0:00:06]} Bxe5 {[%emt 0:00:26]} 71. Kxe5 {[%emt 0:00:03]} Kxg6 {[%emt 0:00:04]} 72. Kd6 {[%emt 0:00:02]} Kf6 {[%emt 0:00:08]} 73. Kc7 {[%emt 0:00:03]} Ke7 {[%emt 0:00:12]} 74. Kb6 {[%emt 0:00:02]} Kd8 {[%emt 0:00:02]} 75. Kxa5 {[%emt 0:00:06]} Kc7 {[%emt 0:00:02]} 76. Ka6 {[%emt 0:00:04]} Kb8 {[%emt 0:00:02]} 77. a5 {[%emt 0:00:05]} Ka8 {[%emt 0:00:02]} 78. Kb6 {[%emt 0:00:02]} Kb8 {[%emt 0:00:01]} 79. a6 {[%emt 0:00:03]} Ka8 {[%emt 0:00:02]} 80. a7 {[%emt 0:00:02]} 1/2-1/2

[Event "Czech Open GM 2020"]
[Site "Pardubice"]
[Date "2020.09.26"]
[Round "6.5"]
[White "Petr, Martin"]
[Black "Jurcik, Marian"]
[Result "1/2-1/2"]
[WhiteElo "2484"]
[BlackElo "2426"]
[Annotator "ChessBase"]
[PlyCount "101"]
[EventDate "2020.09.21"]
[EventCountry "CZE"]
[SourceTitle "playchess.com"]
[Source "ChessBase"]
[SourceQuality "1"]
[TimeControl "40/5400+30:1800+30"]

1. Nf3 {[%emt 0:00:01]} g6 {[%emt 0:04:29]} 2. e4 {[%emt 0:03:30]} d6 {[%emt 0:00:28]} 3. d4 {[%emt 0:00:10]} Nf6 {[%emt 0:00:12]} 4. Nc3 {[%emt 0:00:04]} Bg7 {[%emt 0:00:08]} 5. Be3 {[%emt 0:01:53]} a6 {[%emt 0:02:40]} 6. Bd3 {[%emt 0:02:55]} O-O {[%emt 0:00:27]} 7. h3 {[%emt 0:01:41]} Nc6 {[%emt 0:02:03]} 8. O-O {[%emt 0:01:02]} e5 {[%emt 0:02:01]} 9. dxe5 {[%emt 0:13:42]} Nxe5 {[%emt 0:04:53]} 10. Nxe5 {[%emt 0:06:54]} dxe5 {[%emt 0:00:46]} 11. Bc4 {[%emt 0:01:18]} Qe7 {[%emt 0:06:18]} 12. a4 {[%emt 0:02:40]} Be6 {[%emt 0:35:27]} 13. Qe2 {[%emt 0:03:03]} Nh5 {[%emt 0:10:59]} 14. Bxe6 {[%emt 0:04:50]} Qxe6 {[%emt 0:00:30]} 15. Nd5 {[%emt 0:03:08]} Rac8 {[%emt 0:00:33]} 16. Rfd1 {[%emt 0:06:59]} Nf6 {[%emt 0:05:04]} 17. f3 {[%emt 0:08:54]} Nxd5 {[%emt 0:01:43]} 18. exd5 {[%emt 0:02:36]} Qf5 {[%emt 0:03:31]} 19. c4 {[%emt 0:01:46]} Rcd8 {[%emt 0:03:02]} 20. Qd3 {[%emt 0:09:40]} Rfe8 {[%emt 0:02:37]} 21. Qxf5 {[%emt 0:05:38]} gxf5 {[%emt 0:00:01]} 22. Rab1 {[%emt 0:00:01]} f4 {[%emt 0:01:23]} 23. Bf2 {[%emt 0:02:18]} f5 {[%emt 0:01:12]} 24. Kf1 {[%emt 0:00:06]} Kf7 {[%emt 0:01:51]} 25. b4 {[%emt 0:00:07]} Bf6 {[%emt 0:02:52]} 26. b5 {[%emt 0:00:48]} axb5 {[%emt 0:00:28]} 27. Rxb5 {[%emt 0:01:19]} e4 {[%emt 0:01:32]} 28. fxe4 {[%emt 0:07:51]} fxe4 {[%emt 0:00:06]} 29. Rxb7 {[%emt 0:00:02]} e3 {[%emt 0:00:31]} 30. Rxc7+ {[%emt 0:00:03]} Kg6 {[%emt 0:00:41]} 31. Rd3 {[%emt 0:00:45]} Rb8 {[%emt 0:02:29]} 32. Rc6 {[%emt 0:02:10]} Kf5 {[%emt 0:01:26]} 33. Be1 {[%emt 0:02:23]} e2+ {[%emt 0:00:46]} 34. Kg1 {[%emt 0:00:18]} Rb1 {[%emt 0:00:27]} 35. Rxf6+ {[%emt 0:00:09]} Kxf6 {[%emt 0:00:22]} 36. Kf2 {[%emt 0:00:01]} Rc1 {[%emt 0:02:46]} 37. d6 {[%emt 0:00:18]} Ke6 {[%emt 0:00:42]} 38. Bd2 {[%emt 0:03:38]} Kd7 {[%emt 0:00:58]} 39. Be1 {[%emt 0:02:07]} Rxc4 {[%emt 0:00:13]} 40. a5 {[%emt 0:00:03]} Re6 {[%emt 0:00:47]} 41. Ra3 {[%emt 0:32:00]} Kxd6 {[%emt 0:06:48]} 42. a6 {[%emt 0:00:00]} Rc8 {[%emt 0:00:51]} 43. Bd2 {[%emt 0:00:00]} Re4 {[%emt 0:03:50]} 44. Ra1 {[%emt 0:00:00]} Kd5 {[%emt 0:07:34]} 45. Kf3 {[%emt 0:00:00]} Re6 {[%emt 0:01:08]} 46. Be1 {[%emt 0:00:00]} Ra8 {[%emt 0:06:06]} 47. a7 {[%emt 0:00:00]} Re7 {[%emt 0:01:25]} 48. Bf2 {[%emt 0:00:00]} Raxa7 {[%emt 0:02:12]} 49. Bxa7 {[%emt 0:00:00]} e1=Q {[%emt 0:00:08]} 50. Rxe1 {[%emt 0:00:00]} Rxe1 {[%emt 0:00:07]} 51. Kxf4 {[%emt 0:00:00]} 1/2-1/2